[Event "Ceriano Laghetto op-B 23rd"]
[Site "Ceriano Laghetto"]
[Date "2014.03.16"]
[Round "5"]
[White "Rossi, Giampiero"]
[Black "Monticelli, Francesco"]
[Result "0-1"]
[WhiteElo "1878"]
[BlackElo "1701"]
[PlyCount "62"]
[EventDate "2014.03.14"]
[EventType "swiss"]
[EventRounds "5"]
[EventCountry "ITA"]
[SourceTitle "EXT 2015"]
[Source "ChessBase"]
[SourceDate "2014.11.20"]
[SourceVersion "1"]
[SourceVersionDate "2014.11.20"]
[SourceQuality "1"]

1. d4 d5 2. c4 c6 3. cxd5 cxd5 4. Nc3 Nf6 5. Nf3 e6 6. Bf4 Bb4 7. Bxb8 Bxc3+ 8. bxc3 Rxb8 9. Qa4+ Bd7 10. Qxa7 Qc7 11. Qa3 Ne4 12. Rc1 Bb5 13. Qb4 Nd6 14. e3 Bxf1 15. Kxf1 0-0 16. g3 Ra8 17. Rc2 Ra6 18. Kg2 Rfa8 19. Rb1 Rxa2 20. Rxa2 Rxa2 21. Qb6 Qb8 22. Ne5 Ne4 23. Qxb7 Rxf2+ 24. Kg1 Qxb7 25. Rxb7 g6 26. Ng4 Rc2 27. Nh6+ Kg7 28. Nxf7 Rc1+ 29. Kg2 Rc2+ 30. Kh3 Kf6 31. Ne5 Ng5+ 0-1

[Event "Ceriano Laghetto op-B 23rd"]
[Site "Ceriano Laghetto"]
[Date "2014.03.15"]
[Round "2"]
[White "Rossi, Giampiero"]
[Black "Origgio, Stefano"]
[Result "0-1"]
[WhiteElo "1878"]
[BlackElo "1691"]
[PlyCount "104"]
[EventDate "2014.03.14"]
[EventType "swiss"]
[EventRounds "5"]
[EventCountry "ITA"]
[SourceTitle "EXT 2015"]
[Source "ChessBase"]
[SourceDate "2014.11.20"]
[SourceVersion "1"]
[SourceVersionDate "2014.11.20"]
[SourceQuality "1"]

1. d4 Nf6 2. c4 e6 3. Nc3 Bb4 4. Qc2 0-0 5. a3 Bxc3+ 6. Qxc3 b6 7. f3 d5 8. cxd5 Nxd5 9. Qd2 Ba6 10. e4 Bxf1 11. Kxf1 Ne7 12. Ne2 Nbc6 13. Qc3 Qd7 14. g3 Rfd8 15. Be3 Rac8 16. Kg2 Ng6 17. Rac1 Nce7 18. Rhd1 Qb5 19. Rd2 f5 20. Qc4 Qxc4 21. Rxc4 h6 22. Rdc2 c6 23. b4 b5 24. Rc5 Nf8 25. R5c3 a6 26. Nf4 Kf7 27. Nd3 Nd7 28. h3 g5 29. g4 fxe4 30. fxe4 Kg6 31. Nc5 Nxc5 32. Rxc5 Rd6 33. Kf3 Rf8+ 34. Ke2 Rdd8 35. Rxc6 Nxc6 36. Rxc6 Kf7 37. Rxa6 Ra8 38. Rxa8 Rxa8 39. Bc1 Rc8 40. Kd2 Ke7 41. Bb2 Rf8 42. Ke2 Kd6 43. d5 e5 44. Bc1 Rc8 45. Bd2 Rc2 46. Kd3 Ra2 47. h4 Rxa3+ 48. Ke2 gxh4 49. Bxh6 Rg3 50. Kf2 Rxg4 51. Kf3 Rg6 52. Bf8+ Kd7 0-1

[Event "Villa Guardia D Oro Cup 31st"]
[Site "Villa Guardia"]
[Date "2013.11.01"]
[Round "2"]
[White "Squillante, Michele"]
[Black "Rossi, Giampiero"]
[Result "0-1"]
[WhiteElo "1715"]
[BlackElo "1905"]
[PlyCount "112"]
[EventDate "2013.11.01"]
[EventType "swiss"]
[EventRounds "6"]
[EventCountry "ITA"]
[SourceTitle "EXT 2015"]
[Source "ChessBase"]
[SourceDate "2014.11.20"]
[SourceVersion "1"]
[SourceVersionDate "2014.11.20"]
[SourceQuality "1"]

1. d4 d5 2. Nf3 c6 3. c3 Bf5 4. Bg5 h6 5. Bh4 Qb6 6. Qb3 Nd7 7. Nbd2 e6 8. Bg3 Ngf6 9. e3 Be7 10. Ne5 Nh5 11. Nxd7 Kxd7 12. Qxb6 axb6 13. Be2 Nxg3 14. hxg3 b5 15. 0-0 Ra4 16. a3 Rha8 17. Bd1 R4a6 18. Bf3 b4 19. cxb4 Bxb4 20. Nb3 Bc2 21. Bd1 Bd3 22. Re1 Bxe1 23. Nc5+ Kc7 24. Nxd3 Ba5 25. Rc1 Bb6 26. Be2 Ra5 27. Nb4 Kd6 28. Nd3 f6 29. Bd1 e5 30. dxe5+ fxe5 31. a4 e4 32. Nb4 Rf8 33. Na2 Raa8 34. Nc3 Rf6 35. Bb3 Raf8 36. Rc2 Ke5 37. Nd1 g5 38. Re2 g4 39. Bc2 h5 40. b4 Rh8 41. Kf1 h4 42. gxh4 Rxh4 43. Ke1 c5 44. Kd2 cxb4 45. Kc1 Rh2 46. g3 Rh8 47. Bb3 Rc8+ 48. Kb1 Rd6 49. Nb2 Rc3 50. Ka2 Rdc6 51. Rd2 d4 52. exd4+ Bxd4 53. Bd1 Rf6 54. Bxg4 Rxf2 55. Rxf2 Bxf2 56. Be2 Rc2 0-1

[Event "Vimercate op 6th"]
[Site "Vimercate"]
[Date "2012.11.24"]
[Round "2"]
[White "Salvador, Roland"]
[Black "Rossi, Giampiero"]
[Result "1-0"]
[WhiteElo "2477"]
[BlackElo "1884"]
[PlyCount "45"]
[EventDate "2012.11.23"]
[EventType "swiss"]
[EventRounds "5"]
[EventCountry "ITA"]
[SourceTitle "CBM 151 Extra"]
[Source "ChessBase"]
[SourceDate "2012.12.18"]
[SourceVersion "1"]
[SourceVersionDate "2012.12.18"]
[SourceQuality "1"]

1. d4 d5 2. Nf3 c6 3. c4 e6 4. e3 Nf6 5. Nc3 Be7 6. Qc2 Nbd7 7. g4 0-0 8. g5 Nh5 9. Rg1 g6 10. e4 dxe4 11. Qxe4 Ng7 12. Bd2 f5 13. gxf6 Nxf6 14. Qc2 Nf5 15. 0-0-0 Qc7 16. h4 Bd7 17. Bd3 Rad8 18. Ne2 Bc8 19. Bc3 b6 20. Ne5 Bd6 21. Nf4 Bxe5 22. dxe5 Ne8 23. h5 1-0

[Event "Villa Guardia D Oro Cup 30th"]
[Site "Villa Guardia"]
[Date "2012.11.01"]
[Round "1"]
[White "Ghelfi, Giancarlo"]
[Black "Rossi, Giampiero"]
[Result "1/2-1/2"]
[WhiteElo "1657"]
[BlackElo "1884"]
[PlyCount "55"]
[EventDate "2012.11.01"]
[EventType "swiss"]
[EventRounds "6"]
[EventCountry "ITA"]
[SourceTitle "EXT 2014"]
[Source "ChessBase"]
[SourceDate "2013.11.20"]
[SourceVersion "1"]
[SourceVersionDate "2013.11.20"]
[SourceQuality "1"]

1. e4 c5 2. Nf3 e6 3. d4 cxd4 4. Nxd4 a6 5. Nc3 Qc7 6. g3 Nf6 7. Bg2 Be7 8. 0-0 0-0 9. a4 d6 10. h3 Bd7 11. Be3 Nc6 12. Qd2 Rfc8 13. Rfd1 Ne5 14. Qe1 Rab8 15. Bc1 b5 16. a5 Nc4 17. b3 Nxa5 18. Bd2 Nc6 19. Nxc6 Bxc6 20. Rxa6 e5 21. Ra2 Qb7 22. Be3 Ra8 23. Rxa8 Rxa8 24. Bg5 b4 25. Bxf6 Bxf6 26. Nd5 Bxd5 27. Rxd5 Be7 28. Bf1 1/2-1/2

[Event "Milan Crespi op-B 32nd"]
[Site "Milan"]
[Date "2011.12.09"]
[Round "4"]
[White "Rossi, Giampiero"]
[Black "Lanzani, Giuliano"]
[Result "0-1"]
[WhiteElo "1910"]
[BlackElo "1953"]
[PlyCount "44"]
[EventDate "2011.12.07"]
[EventType "swiss"]
[EventRounds "7"]
[EventCountry "ITA"]
[SourceTitle "EXT 2022"]
[Source "ChessBase"]
[SourceDate "2021.10.06"]
[SourceVersion "1"]
[SourceVersionDate "2021.10.06"]
[SourceQuality "1"]

1. d4 Nf6 2. c4 d6 3. Nc3 e5 4. g3 exd4 5. Qxd4 Nc6 6. Qd2 Be6 7. b3 d5 8. cxd5 Nxd5 9. Bg2 Nxc3 10. Qxc3 Bd5 11. Qe3+ Be7 12. Nf3 0-0 13. Bb2 Bb4+ 14. Bc3 Qf6 15. 0-0-0 Bxc3 16. Rxd5 Nb4 17. Rc5 Rfe8 18. Qg5 Rxe2 19. Qxf6 Bxf6 20. Rxc7 Rxf2 21. Ne1 Nxa2+ 22. Kb1 Rb2+ 0-1

[Event "Milan Crespi op-B 32nd"]
[Site "Milan"]
[Date "2011.12.08"]
[Round "3"]
[White "Marinc, Damir"]
[Black "Rossi, Giampiero"]
[Result "1/2-1/2"]
[WhiteElo "2003"]
[BlackElo "1910"]
[PlyCount "55"]
[EventDate "2011.12.07"]
[EventType "swiss"]
[EventRounds "7"]
[EventCountry "ITA"]
[SourceTitle "EXT 2022"]
[Source "ChessBase"]
[SourceDate "2021.10.06"]
[SourceVersion "1"]
[SourceVersionDate "2021.10.06"]
[SourceQuality "1"]

1. c4 e6 2. g3 d5 3. Bg2 c6 4. cxd5 exd5 5. d4 Nf6 6. Nc3 Bf5 7. Nf3 Be7 8. 0-0 Nbd7 9. Nh4 Bg6 10. Re1 0-0 11. Nxg6 hxg6 12. Qc2 Re8 13. a3 Nf8 14. e3 Bd6 15. Bd2 Qe7 16. Rad1 Ne4 17. Nxe4 dxe4 18. Bc3 Nh7 19. d5 c5 20. f3 exf3 21. Bxf3 Ng5 22. Bg2 Ne4 23. Bxe4 Qxe4 24. Qxe4 Rxe4 25. Kf2 Rae8 26. Kf3 f5 27. h3 Kf7 28. Rc1 1/2-1/2

[Event "Milan Crespi op-B 32nd"]
[Site "Milan"]
[Date "2011.12.08"]
[Round "2"]
[White "Rossi, Giampiero"]
[Black "Falchi, Claudio"]
[Result "1-0"]
[WhiteElo "1910"]
[BlackElo "1784"]
[PlyCount "60"]
[EventDate "2011.12.07"]
[EventType "swiss"]
[EventRounds "7"]
[EventCountry "ITA"]
[SourceTitle "EXT 2022"]
[Source "ChessBase"]
[SourceDate "2021.10.06"]
[SourceVersion "1"]
[SourceVersionDate "2021.10.06"]
[SourceQuality "1"]

1. d4 e6 2. c4 f5 3. Nf3 Nf6 4. g3 d5 5. Bg2 c6 6. 0-0 Bd6 7. b3 Qe7 8. c5 Bc7 9. Bf4 Bxf4 10. gxf4 0-0 11. Nc3 Ne4 12. Qc1 Nd7 13. e3 Ndf6 14. Ne5 Nxc3 15. Qxc3 Ne4 16. Bxe4 fxe4 17. f3 exf3 18. Rxf3 Bd7 19. Rg3 Kh8 20. Qd2 Rg8 21. Qg2 g6 22. Kh1 Rg7 23. Rg1 Rag8 24. Rg5 Be8 25. Qh3 h5 26. b4 a6 27. a4 Kh7 28. a5 Bf7 29. Nf3 Be8 30. Re5 Bd7 1-0

[Event "Milan SSM op"]
[Site "Milan"]
[Date "2011.08.02"]
[Round "6"]
[White "Bisignano, Giuseppe"]
[Black "Rossi, Giampiero"]
[Result "1/2-1/2"]
[WhiteElo "1921"]
[BlackElo "1917"]
[PlyCount "77"]
[EventDate "2011.07.29"]
[EventType "swiss"]
[EventRounds "7"]
[EventCountry "ITA"]
[SourceTitle "EXT 2014"]
[Source "ChessBase"]
[SourceDate "2013.11.20"]
[SourceVersion "1"]
[SourceVersionDate "2013.11.20"]
[SourceQuality "1"]

1. e4 c5 2. Nf3 e6 3. d3 d6 4. g3 Nc6 5. Bg2 Nf6 6. 0-0 Be7 7. Re1 0-0 8. c3 a6 9. a4 Qc7 10. Na3 Bd7 11. Bd2 Rfd8 12. Qe2 Be8 13. b4 d5 14. b5 axb5 15. axb5 Na5 16. Reb1 c4 17. Bf4 Qc8 18. dxc4 Nxe4 19. Qd3 Bxa3 20. Rxa3 Qxc4 21. Ne5 Qxd3 22. Nxd3 Nc4 23. Rxa8 Rxa8 24. Bxe4 dxe4 25. Nc5 e5 26. Be3 Nd6 27. c4 Nxc4 28. Nxe4 f5 29. Nc5 Ra5 30. Nxb7 Rxb5 31. Rxb5 Bxb5 32. Bc5 Bc6 33. Nd6 Nxd6 34. Bxd6 e4 35. Kf1 Kf7 36. Ke2 Ke6 37. Bf4 Kf6 38. Ke3 g5 39. Bc7 1/2-1/2

[Event "Milan Repubblica op"]
[Site "Milan"]
[Date "2011.06.04"]
[Round "5"]
[White "Guzzetti, Luigi Enrico"]
[Black "Rossi, Giampiero"]
[Result "1-0"]
[WhiteElo "1909"]
[BlackElo "1943"]
[PlyCount "111"]
[EventDate "2011.06.05"]
[EventType "swiss"]
[EventRounds "7"]
[EventCountry "ITA"]
[SourceTitle "EXT 2023"]
[Source "ChessBase"]
[SourceDate "2022.10.05"]
[SourceVersion "1"]
[SourceVersionDate "2022.10.05"]
[SourceQuality "1"]

1. e4 c5 2. Nf3 e6 3. d4 cxd4 4. Nxd4 a6 5. Be2 Nf6 6. Nc3 Qc7 7. 0-0 Be7 8. Be3 d6 9. a4 Bd7 10. Qd2 Nc6 11. f3 0-0 12. Rfd1 Rfc8 13. Nb3 Ne5 14. a5 Nc4 15. Bxc4 Qxc4 16. Bb6 Bc6 17. Qf2 e5 18. Nd2 Qe6 19. Nf1 d5 20. exd5 Nxd5 21. Nxd5 Bxd5 22. Qd2 Bc6 23. Ng3 f6 24. c3 Be8 25. Qd5 Qxd5 26. Rxd5 Bd8 27. Bxd8 Rxd8 28. Rad1 Rxd5 29. Rxd5 Bc6 30. Rd6 Kf7 31. Kf2 g6 32. Ne4 Ke7 33. Rd2 Bxe4 34. fxe4 Rc8 35. Rd3 Rc4 36. Kf3 f5 37. Re3 Ke6 38. h3 Ra4 39. b4 Ra2 40. Rd3 fxe4+ 41. Kxe4 Rxg2 42. Rd8 Rc2 43. Kd3 Rh2 44. Rb8 Rxh3+ 45. Kc4 e4 46. Rxb7 e3 47. Rb6+ Kf5 48. Kd3 e2+ 49. Kxe2 Rxc3 50. Rxa6 Ke5 51. b5 Kd5 52. Ra7 Rb3 53. b6 Rb5 54. b7 Rb2+ 55. Kd3 Kc6 56. a6 1-0